| 000 | 00418nam a2200181Ia 4500 | ||
|---|---|---|---|
| 005 | 20250603145920.0 | ||
| 008 | 250603s9999 xx 000 0 und d | ||
| 020 | _a0-19-210031-9 | ||
| 050 | _aPR 5816.A1 | ||
| 100 | _aWilde, Oscar | ||
| 245 | 4 | _aThe picture of dorian gray | |
| 260 | _aNEW YORK | ||
| 260 | _bOxford University Press | ||
| 260 | _c1999 | ||
| 300 | _a218 p | ||
| 650 | _aNEW YORK | ||
| 942 | _cBK | ||
| 999 |
_c43233 _d43233 |
||